000 01732nam a2200361Ia 4500
003 CO-BoRNBP
005 20231012204850.0
008 121119s9999 xx 000 0 und d
020 _a9684115911
040 _aCO-BoRNBP
_bspa
_erda
_cCO-BoRNBP
041 _aspa
082 0 4 _222
_aM861 P116f
100 1 _aPacheco Berny, José Emilio,
_d1939-
_9156708
245 1 3 _aLa fabula del tiempo
_bantología poética
_cJosé Emilio Pacheco ; selección, prólogo y bibliográfia Jorge Fernández Granados
250 _a1a reimpresión
264 _aMéxico
_bEdiciones Era
_c2010
300 _a276 páginas
_c17 cm.
336 _atexto
_btxt
_2rdacontent
337 _asin mediación
_bn
_2rdamedia
338 _avolumen
_bnc
_2rdacarrier
490 _aBolsillo Era
500 _aIncluye datos biográficos del autor
504 _aIncluye bibliografía
505 _aDe los elementos de la noche (1958-1962) -- De el reposo del fuego (1963-1964) -- De íras y no volverás (1969-1972) -- De islas a la deriva (1973-1975) -- De miro la tierra (1984-1986) -- De ciudad de la memoria (1986-1989) -- De la arena errante (1992-1998) -- De siglo pasado (desenlace) (1999-2000)
650 1 4 _2LEMB
_aPoesía mexicana
_ySiglo XX.
_9156709
650 1 4 _2LEMB
_aLiteratura mexicana
_ySiglo XX.
_9156710
650 1 4 _2LEMB
_aTragedia en la literatura.
_9156711
650 1 4 _2LEMB
_aViolencia en la literatura.
_9156712
650 1 4 _2LEMB
_aVida en la literatura.
_9156713
700 1 _aFernández Granados, Jorge
_eprologuista
_9156714
830 _aColección de Fortalecimiento 2011
_pColección de Fortalecimiento del Ministerio de Cultura, Plan Nacional de Lectura y Escritura Leer es mi Cuento, Fortalecimiento 2011
_9156715
942 _2ddc
_cBK
999 _c313
_d313